| 000 | 02086cam a22005534i 4500 | ||
|---|---|---|---|
| 003 | PE-LiUPU | ||
| 005 | 20250731173039.0 | ||
| 008 | 151211s2015 sp rb 000 0 spa d | ||
| 020 | _a8490731489 | ||
| 020 | _a9788490731482 | ||
| 035 | _a(Sirsi) i9788490731482 | ||
| 035 | _a(OCoLC)933573599 | ||
| 040 |
_aBNM _bspa _erda _cBNM _dESUPS _dPUJAV _dPE-LiUPU |
||
| 049 | _aPRUA | ||
| 082 | 0 | 4 |
_a225.1 _bA49 _221 |
| 100 | 1 |
_aÁlvarez Cineira, David _d1964- , _eautor. |
|
| 245 | 1 | 3 |
_aLa formación del Nuevo Testamento / _cDavid Álvarez Cineira. |
| 264 | 1 |
_aEstella, Navarra : _bVerbo Divino, _c2015. |
|
| 300 |
_a287 páginas ; _c20 centímetros. |
||
| 336 |
_atext _2rdacontent |
||
| 337 |
_aunmediated _2rdamedia |
||
| 338 |
_avolume _2rdacarrier |
||
| 490 | 0 |
_aQué se sabe de...; _vII |
|
| 504 | _aBibliografía: páginas 277-282. | ||
| 505 | _a¿Cómo hemos llegado hasta aquí? -- ¿Cuáles son los aspectos del tema? -- Cuestiones abiertas en el debate actual. | ||
| 526 | _aSEG42 | ||
| 526 | _aSEG41 | ||
| 526 | _aSEG40 | ||
| 526 | _aSEG39 | ||
| 526 | _aP94 | ||
| 526 | _aP87 | ||
| 526 | _aP86 | ||
| 526 | _aP85 | ||
| 526 | _aP77 | ||
| 526 | _aP76 | ||
| 526 | _aP35 | ||
| 630 | 0 | 4 |
_aBiblia. _pN.T _xCrítica, interpretación, etc. |
| 630 | 0 | 7 |
_aBiblia. _pN.T. _2embne |
| 910 |
_adbm _bebj _cebj _d20171218 |
||
| 910 |
_adbm _bjpc _cjpc _d20190422 |
||
| 942 |
_2ddc _cBOOK |
||
| 949 |
_a225.6 A49 _wDEWEY _c1 _i77573 _lCATALOGING _mBUL _p21.90 _r0 _sY _tBOOK _u2017-12-18 _xPOSGRADO _PP85 _0DONACION _o.STAFF. Colección Teología. |
||
| 994 |
_aC0 _bPEPRU |
||
| 596 | _a1 | ||
| 999 |
_a225.1 A49 _wDEWEY _c26246 _i77573 _d26246 _f2021-11-9 _g5 _lCCODEBUL1 _mBUL _p21.90 _q1 _r0 _sY _tBOOK _u2017-12-18 _xTEOLOGIA _PP85 _0DONACION _o.STAFF. Colección Teología. |
||
| 999 |
_a225.1 A49 _wDEWEY _c2 _i75196 _f2021-11-9 _g3 _lCCODEBUL1 _mBUL _p22.00 _r0 _sY _tBOOK _u2019-4-22 _xTEOLOGIA _PP85 _0COMPRA _o.STAFF. Colección Teología |
||
| 980 |
_81 _gALBERTO SANCHEZ Responsable de Automatización |
||